[Event "Wch Seniors 65 (Women) 28th"]
[Site "Bled"]
[Date "2018.11.27"]
[Round "9"]
[White "Florea, Dorina"]
[Black "Podlovny, Stella"]
[Result "1-0"]
[WhiteElo "1721"]
[BlackElo "1616"]
[PlyCount "93"]
[EventDate "2018.11.18"]
[EventType "swiss"]
[EventRounds "11"]
[EventCountry "SLO"]
[SourceTitle "CBM 187 Extra"]
[Source "ChessBase"]
[SourceDate "2018.11.04"]
[SourceVersion "1"]
[SourceVersionDate "2018.11.04"]
[SourceQuality "1"]

1. e4 c6 2. d4 d5 3. exd5 cxd5 4. Bd3 Nf6 5. Ne2 e6 6. 0-0 Bd6 7. Bf4 0-0 8. Nbc3 a6 9. h3 Nc6 10. Bxd6 Qxd6 11. a3 b5 12. Na2 Bb7 13. c3 Rac8 14. Nb4 h6 15. Ng3 Ne7 16. Re1 Nd7 17. Qe2 Nc6 18. Bc2 Nxb4 19. axb4 Nb6 20. Nh5 Qe7 21. Qe5 Qg5 22. Qxg5 hxg5 23. Re5 g6 24. Rxg5 Nd7 25. Re1 Kh8 26. Nf4 Rce8 27. Bxg6 Nf6 28. Bd3 Ne4 29. Rg4 f5 30. Rg6 Bc8 31. f3 Rf6 32. Rxf6 Nxf6 33. Bc2 Kg7 34. Kf2 Kf7 35. g4 Rg8 36. Rg1 fxg4 37. fxg4 Bd7 38. Ke3 Rg5 39. Nd3 Ke7 40. Ne5 Bc8 41. Nf3 Rg7 42. g5 Ne4 43. Bxe4 dxe4 44. Kxe4 Bb7+ 45. Ke3 Bxf3 46. Kxf3 Kf7 47. Kg4 1-0

[Event "Wch Seniors 65 (Women) 28th"]
[Site "Bled"]
[Date "2018.11.25"]
[Round "7"]
[White "Podlovny, Stella"]
[Black "Hoose, Hannelore"]
[Result "1/2-1/2"]
[WhiteElo "1616"]
[BlackElo "1680"]
[PlyCount "64"]
[EventDate "2018.11.18"]
[EventType "swiss"]
[EventRounds "11"]
[EventCountry "SLO"]
[SourceTitle "CBM 187 Extra"]
[Source "ChessBase"]
[SourceDate "2018.11.04"]
[SourceVersion "1"]
[SourceVersionDate "2018.11.04"]
[SourceQuality "1"]

1. d4 e6 2. c4 b6 3. e4 Bb7 4. Bd3 Nf6 5. Nc3 d6 6. Nf3 Be7 7. 0-0 h6 8. h3 c6 9. b3 Na6 10. Bb2 c5 11. d5 e5 12. Rc1 Nc7 13. Nh2 Bc8 14. f4 exf4 15. Rxf4 Nd7 16. Ne2 Bf6 17. Bxf6 Nxf6 18. Ng3 Qe7 19. Rf1 Qe5 20. Nf5 Bxf5 21. exf5 Qd4+ 22. Kh1 0-0-0 23. Nf3 Qb2 24. Rc2 Qa3 25. Re1 Rhe8 26. Rce2 Rxe2 27. Rxe2 Re8 28. Rxe8+ Nfxe8 29. Qe2 Kd8 30. g4 Qc1+ 31. Kg2 Qc3 32. Qc2 Qxc2+ 1/2-1/2

[Event "EU-ch Seniors 65 18th"]
[Site "Drammen"]
[Date "2018.08.06"]
[Round "3"]
[White "Smeby, Ole"]
[Black "Podlovny, Stella"]
[Result "1-0"]
[WhiteElo "1980"]
[BlackElo "1607"]
[PlyCount "53"]
[EventDate "2018.08.04"]
[EventType "swiss"]
[EventRounds "9"]
[EventCountry "NOR"]
[SourceTitle "CBM 186 Extra"]
[Source "ChessBase"]
[SourceDate "2018.08.24"]
[SourceVersion "1"]
[SourceVersionDate "2018.08.24"]
[SourceQuality "1"]

1. d4 d5 2. c4 c6 3. e3 Bf5 4. Nf3 Nf6 5. Bd3 Bxd3 6. Qxd3 e6 7. 0-0 Bd6 8. Nc3 Nbd7 9. e4 dxe4 10. Nxe4 Nxe4 11. Qxe4 Nf6 12. Qe2 h6 13. Rd1 Qe7 14. a3 a5 15. Bd2 a4 16. Bc3 0-0 17. Re1 Rfe8 18. Rad1 b6 19. Ne5 Qc7 20. f4 Rad8 21. Qf3 Rc8 22. Re2 Red8 23. g4 b5 24. h4 bxc4 25. Nxc4 Bxf4 26. Ba5 Bh2+ 27. Rxh2 1-0